| Tag |
First Indicator |
Second Indicator |
Subfields |
| LEADER |
00000ctm a2200000Ka 4500 |
| 001 |
in00001661886 |
| 005 |
20220103114308.0 |
| 007 |
cr unu a |
| 008 |
020402s2001 xx a b 000 0 eng d |
| 035 |
|
|
|a (OCoLC)ocm49502365
|
| 040 |
|
|
|a TXA
|c TXA
|d UtOrBLW
|
| 049 |
|
|
|a TXAM
|a TXAR
|
| 099 |
|
|
|a 2001
|a Thesis
|a B374
|
| 100 |
1 |
|
|a Barron-Jimenez, Rodolfo.
|
| 245 |
1 |
0 |
|a Experimental investigation of the condensation phenomenon in micro-grooved plates /
|c by Rodolfo Barron-Jimenez.
|
| 264 |
|
1 |
|a [Place of publication not identified] :
|b [publisher not identified] ;
|c 2001.
|
| 300 |
|
|
|a xi, 137 leaves :
|b illustrations ;
|c 28 cm.
|
| 336 |
|
|
|a text
|b txt
|2 rdacontent
|
| 337 |
|
|
|a computer
|b c
|2 rdamedia
|
| 338 |
|
|
|a online resource
|b cr
|2 rdacarrier
|
| 500 |
|
|
|a "Major subject: Mechanical Engineering".
|
| 500 |
|
|
|a Vita.
|
| 502 |
|
|
|b M.S.
|c Texas A&M University
|d 2001.
|
| 504 |
|
|
|a Includes bibliographical references (leaves 90-93).
|
| 520 |
|
|
|a The addition of micro-grooves to a condensing surface has been proposed with the aim of reducing the film thickness so that the condensation heat transfer coefficient is increased. Micro-grooves promote the removal of condensate via the capillary pressure induced by the difference in curvature of the meniscus formed in the groove. Triangular micro-grooves of different apex angles (45° and 60°), and hydraulic diameters (0.14 mm, 0.20 mm, 0.21 mm, 0.32 mm, and 0.33 mm) were machined on a copper plate 140 mm long by 25.4 mm wide. A test apparatus was designed and fabricated. Film condensation at macroscopic scale was observed on the plate. Results from the experimental testing demonstrated the beneficial presence of the grooves in achieving enhancement factors of 2.28 in the overall Nusselt number. This enhancement factor was obtained due to a combination of gravitational body force, steam stream velocity and micro-groove dimensions. Visual observation of the phenomenon demonstrates that micro-grooves have an active length. However, its effect is easily obscured by the macroscopic phenomenon that produces a thick condensate film over a relatively large plate length (roughly 11 times larger than the grooves' active length). Conclusions from the current research indicate that micro-grooves are able to improve the heat transfer process even in a macro scale environment since they add a path to remove condensate. When conditions similar to micro-scale condensation were obtained, the effect of the grooves was isolated and found to be very satisfactory. To evaluate the real effect of micro-grooves in a micro-scale environment, several changes to the experimental apparatus are suggested based on the results obtained in this investigation.
|
| 530 |
|
|
|a Also available online.
|
| 530 |
|
|
|a Issued also on microfiche from Lange Micrographics.
|
| 650 |
|
4 |
|a Major mechanical engineering.
|
| 856 |
4 |
1 |
|u https://hdl.handle.net/1969.1/ETD-TAMU-2001-THESIS-B374
|z Link to OAKTrust copy
|t 0
|
| 948 |
|
|
|a cataloged
|b h
|c 2002/4/2
|d c
|e eneff
|f 12:16:24 pm
|
| 994 |
|
|
|a E0
|b TXA
|
| 999 |
|
|
|a MARS
|
| 999 |
f |
f |
|s 08ce1f60-cc5f-3181-ab00-33a5e2839d4f
|i bae574d3-c1db-38ae-8da7-d6a02066e604
|t 0
|
| 952 |
f |
f |
|p noncirc
|a Texas A&M University
|b College Station
|c Cushing Memorial Library & Archives
|s cush tdrm
|d Cushing: Theses & Dissertations Microforms (Does not check out)
|t 0
|e 2001 Thesis B374
|h Other scheme
|i computer -- online resource
|
| 952 |
f |
f |
|a Texas A&M University
|b College Station
|c Electronic Resources
|s www_evans
|d Available Online
|t 0
|e 2001 Thesis B374
|h Other scheme
|
| 998 |
f |
f |
|a 2001 Thesis B374
|t 0
|l Available Online
|
| 998 |
f |
f |
|a 2001 Thesis B374
|t 0
|l Cushing: Theses & Dissertations Microforms (Does not check out)
|